000 00781nam a2200265Ia 4500
003 OSt
005 20220912144952.0
006 a|||||r|||| 00| 0
007 ta
008 220909b |||||||| |||| 00| 0 eng d
024 _a73455
037 _cTextual
040 _aCSL
_beng
_cCSL
041 _aeng
082 _aD65,8(B)92I, M3
100 _aNakajima Reiji Ed.
245 0 _aIOTA programming systems: a modular programming environment
260 _aBerlin
_bSpringer Verlag
_c1983
300 _avii, 217p.
_ccm.
490 _aLecture notes in computer science; 160
650 _aComputer programming
700 _a Yuasa Taiichi Ed.
942 _hD65,8(B)92I, M3
_cTEXL
_2CC
999 _c19808
_d19808